Le 25 lingue più parlate al mondo (madrelingua) - Statistics

Statistiche generali
  • Questo quiz è stato fatto 285 volte
  • Il punteggio medio è 14 su 26
Statistiche sulle risposte
Numero di parlanti Nazione % Corretto
921.2 Cinese/Mandarino
100%
369.9 Inglese
100%
471.4 Spagnolo
100%
79.6 Francese
98%
64.8 Italiano
97%
153.7 Russo
95%
232.4 Portoghese
93%
76.6 Tedesco
93%
274 Arabo
90%
126.7 Giapponese
87%
342.2 Hindi
69%
82 Coreano
66%
82.2 Turco
57%
76.1 Vietnamita/Vietnamese
41%
228.7 Bengali/Bengalese
35%
56.3 Persiano
33%
69 Urdu
32%
84.9 Yue/Cantonese
28%
77.5 Tamil
18%
82.8 Punjabi
17%
67.8 Arabo Egiziano/Egiziano
15%
81.7 Wu
12%
83.1 Marathi
8%
68.3 Giavanese
7%
82.6 Telugu
7%
56.9 Gujarati
6%
Nessun quiz corrispondente trovato
Distribuzione punteggi
Percentuale di utenti per punteggio
Percentile per numero di risposta
I tuoi punteggi nel tempo
Non hai fatto questo quiz